000 00707nam a2200217Ii 4500
003 JO-AjNU
008 230605s9999||||xx |||||||||||||| ||und||
020 _a978-6589-07-947-7
040 _aJO-AjNU
_bara
_erda
_cJO-AjNU
041 _aara
050 1 4 _aHQ519.A43.2020
100 3 _aعلاء الدين، جهاد محمود,
_eauthor
_963165
245 0 0 _aنظريات وفنيات الارشاد الاسري
250 _aط2
264 3 1 _aعمان: الاهلية للنشر والتوزيع، 2020
300 _a549ص
336 _atext
_btxt
_2rdacontent
337 _aunmediated
_bn
_2rdamedia
338 _avolume
_bnc
_2rdacarrier
650 4 _aالارشاد الاسري-نظريات
_963166
999 _aA28637
_c32205
_d32205